Collective identities in the age of restructuring: old and new class, space and community-based identities in six european regions /
Збережено в:
| Автор: | |
|---|---|
| Інші автори: | , |
| Формат: | Текст |
| Теги: |
Додати тег
Немає тегів, Будьте першим, хто поставить тег для цього запису!
|
MARC
| LEADER | 00000 a a2200000 04500 | ||
|---|---|---|---|
| 001 | 46346 | ||
| 003 | |||
| 040 | |||
| 100 | |a Revilla, Juan Carlos | ||
| 245 | |a Collective identities in the age of restructuring: |b old and new class, space and community-based identities in six european regions / |c Juan Carlos Revilla, Steve Jefferys, Francisco José Tovar Martínez | ||
| 700 | |a Jefferys, Steve | ||
| 700 | |a Tovar Martínez, Francisco José | ||
| 773 | |g volumen28, número4 ( , 2013), páginas 391-408 | ||
| 999 | |c 28117 |d 28117 | ||
